Use cases combined with Booch-OMT-UML: process and products
Zapisane w:
| Główni autorzy: | , |
|---|---|
| Format: | Książka |
| Język: | angielski |
| Wydane: |
Upper Saddle River
Prentice Hall
1997
|
| Hasła przedmiotowe: | |
| Etykiety: |
Dodaj etykietę
Nie ma etykietki, Dołącz pierwszą etykiete!
|
MARC
| LEADER | 00000nam a2200000 a 4500 | ||
|---|---|---|---|
| 001 | UCO6487 | ||
| 003 | CL-VaPUC | ||
| 008 | 001020e19970000us |||||||||||||||||eng|d | ||
| 082 | 0 | 4 | |a 005.1 |b TEX |2 21 |
| 100 | 0 | |a Texel, Putnam P |e author |9 451121 | |
| 700 | 0 | |a Williams, Charles B |e author |9 451122 | |
| 245 | 1 | 0 | |a Use cases combined with Booch-OMT-UML: process and products |
| 300 | |a 465 p | ||
| 942 | |c BK | ||
| 945 | |d 20001020 00:00:00 |a cmena | ||
| 260 | |a Upper Saddle River |b Prentice Hall |c 1997 | ||
| 500 | |a Incluye CD-ROM | ||
| 650 | 0 | |a Programación orientada al objeto |9 387863 | |
| 650 | 0 | |a Diseño de sistemas |9 262363 | |
| 650 | 0 | |a Análisis de sistemas |9 260059 | |
| 650 | 0 | |a Lenguajes de programación |9 259458 | |
| 650 | 0 | |a Software |9 387312 | |
| 583 | |a last modification |c 20171205 01:35:40 |k Rodrigo Vera | ||
| 999 | |c 291980 |d 291978 | ||
| 952 | |0 0 |1 0 |4 0 |6 005_100000000000000_TEX_1997 |7 0 |8 A |9 342367 |a BIBING |b BIBING |d 2019-11-20 |i 3660214 |o 005.1 TEX 1997 |p 3660214 |r 2025-01-20 |w 2019-11-20 |y BK |k EII | ||